000 00323nam a2200121Ia 4500
008 180219s9999 xx 000 0 und d
020 _a801627001
100 _aHamilton, Persis Mary
245 _aBasic maternity nursing /
250 _a6th ed
260 _aCanada :
_bThe C.V. mosby company
_c1989
300 _av, 387 pages
999 _c355969
_d355969